[Event "10. Torneo I. Cidade de Pontevedra 2022"]
[Site "Pontevedra ESP"]
[Date "2022.07.28"]
[Round "7.1"]
[White "Grigoryan, Karen H."]
[Black "Galperin, Platon"]
[Result "0-1"]
[WhiteElo "2643"]
[BlackElo "2518"]
[PlyCount "72"]
[EventDate "2022.07.24"]
[EventType "swiss"]
[EventRounds "9"]
[EventCountry "ESP"]
[SourceTitle "Ajedrez en Madrid"]
[Source "lmi"]
[SourceDate "2022.07.24"]
[SourceVersion "1"]
[SourceVersionDate "2022.08.06"]
[SourceQuality "1"]

1. c4 e6 2. Nc3 d5 3. cxd5 exd5 4. d4 Bb4 5. e3 Nf6 6. Bd3 O-O 7. Nge2 Re8 8.
O-O Bd6 9. h3 c6 10. Qc2 a5 11. Bd2 Na6 12. a3 Nc7 13. Rae1 Ne6 14. f3 Bb8 15.
Rf2 c5 16. dxc5 Nxc5 17. Nb5 Nxd3 18. Qxd3 Ra6 19. Nf4 Bd7 20. Nd4 h6 21. Bc3
Qe7 22. g4 g5 23. Nfe2 Qxe3 24. Qc2 Ne4 25. fxe4 Qxh3 26. exd5 Rf6 27. Rg2 Qe3+
28. Kh1 Qh3+ 29. Kg1 Bxg4 30. Qd2 Re4 31. b3 Bxe2 32. Nxe2 Bh2+ 33. Rxh2 Rg4+
34. Ng3 Rxg3+ 35. Rg2 Rxg2+ 36. Qxg2 Qxc3 0-1

[Event "10. Torneo I. Cidade de Pontevedra 2022"]
[Site "Pontevedra ESP"]
[Date "2022.07.28"]
[Round "7.2"]
[White "Mendonca, Leon Luke"]
[Black "Ruck, Robert"]
[Result "1/2-1/2"]
[WhiteElo "2567"]
[BlackElo "2544"]
[PlyCount "214"]
[EventDate "2022.07.24"]
[EventType "swiss"]
[EventRounds "9"]
[EventCountry "ESP"]
[SourceTitle "Ajedrez en Madrid"]
[Source "lmi"]
[SourceDate "2022.07.24"]
[SourceVersion "1"]
[SourceVersionDate "2022.08.06"]
[SourceQuality "1"]

1. d4 Nf6 2. c4 e6 3. Nf3 d5 4. Nc3 Bb4 5. cxd5 exd5 6. Bf4 c6 7. e3 Bf5 8. Qb3
Qb6 9. Nh4 Be6 10. Bd3 Nh5 11. Bg3 Nxg3 12. hxg3 g6 13. Nf3 Be7 14. Qc2 Nd7 15.
Ne2 c5 16. dxc5 Nxc5 17. O-O Bf6 18. Ned4 O-O 19. Be2 Rac8 20. Rac1 Bd7 21. b3
Rc7 22. Qb1 Rfc8 23. Rc2 Ne4 24. Rxc7 Rxc7 25. Bd3 Nc3 26. Qb2 Bg4 27. Kh2 Kg7
28. Qd2 Ne4 29. Bxe4 dxe4 30. Ng1 Rd7 31. Nge2 Rd8 32. Rc1 Bxe2 33. Qxe2 Bxd4
34. exd4 Rxd4 35. Qe3 Qf6 36. Rc7 Qe5 37. Qf4 Qh5+ 38. Qh4 Qxh4+ 39. gxh4 e3
40. fxe3 Rxh4+ 41. Kg3 Rb4 42. Kf3 h5 43. Rd7 Kf6 44. Rc7 Ke6 45. e4 g5 46. Rc5
f6 47. Rc7 a6 48. Ke3 h4 49. Rc8 f5 50. exf5+ Kxf5 51. Rc7 Kg4 52. Rg7 Rb5 53.
Kf2 Ra5 54. a4 Rf5+ 55. Kg1 b5 56. axb5 Rxb5 57. Ra7 a5 58. Kf2 Kf4 59. Rc7 Ke4
60. Rc3 Kd4 61. Rf3 Re5 62. g3 hxg3+ 63. Rxg3 Kc5 64. Rg4 Kb5 65. Kf3 Kb6 66.
Kf2 Rb5 67. Ke2 Kc6 68. Kd2 Kd6 69. Ke2 Ke6 70. Ra4 Kf5 71. Kf2 Kg6 72. Kg2 Kh5
73. Ra1 g4 74. Rh1+ Kg5 75. Ra1 Kf4 76. Ra4+ Ke3 77. Rxg4 Kd2 78. Rg8 Rxb3 79.
Ra8 Rb5 80. Kf3 Kd3 81. Kf2 Re5 82. Kf3 Kc3 83. Kf4 Rb5 84. Ke3 Re5+ 85. Kf4
Rd5 86. Ke4 Rb5 87. Ke3 Kb2 88. Kd3 Kb3 89. Kd2 Rh5 90. Rb8+ Ka2 91. Ra8 Rc5
92. Ra7 Kb2 93. Rb7+ Ka3 94. Ra7 a4 95. Rb7 Ka2 96. Ra7 a3 97. Rb7 Rh5 98. Kc2
Rh2+ 99. Kc1 Rb2 100. Ra7 Rb8 101. Rc7 Ka1 102. Rc3 a2 103. Rc7 Rb6 104. Rc8
Rb7 105. Kc2 Rb2+ 106. Kc1 Rh2 107. Rc7 Rg2 1/2-1/2

[Event "10. Torneo I. Cidade de Pontevedra 2022"]
[Site "Pontevedra ESP"]
[Date "2022.07.28"]
[Round "7.3"]
[White "Pulvett Marin, Daniel Eduardo"]
[Black "Garrido Outon, Alex"]
[Result "1/2-1/2"]
[WhiteElo "2523"]
[BlackElo "2436"]
[PlyCount "84"]
[EventDate "2022.07.24"]
[EventType "swiss"]
[EventRounds "9"]
[EventCountry "ESP"]
[SourceTitle "Ajedrez en Madrid"]
[Source "lmi"]
[SourceDate "2022.07.24"]
[SourceVersion "1"]
[SourceVersionDate "2022.08.06"]
[SourceQuality "1"]

1. d4 Nf6 2. c4 e6 3. Nf3 d5 4. g3 Be7 5. Bg2 O-O 6. O-O dxc4 7. Qc2 b6 8. Bg5
Nd5 9. Bxe7 Qxe7 10. Rc1 Bb7 11. Qxc4 c5 12. dxc5 Rc8 13. Qa4 Rxc5 14. Nbd2 Nc6
15. Rd1 Rc8 16. a3 a5 17. Qb3 b5 18. Ne4 a4 19. Qd3 Rc4 20. Ned2 Rc5 21. e4 Nf6
22. b4 axb3 23. Nxb3 Rd8 24. Qxd8+ Nxd8 25. Nxc5 Bxe4 26. Nxe4 Nxe4 27. Rac1
Nd6 28. Rd3 e5 29. Rcd1 N8b7 30. Nxe5 g6 31. Re3 Nf5 32. Ree1 Qc7 33. Rc1 Qb6
34. Nd7 Qa6 35. Re8+ Kg7 36. Rcc8 Qa4 37. Rg8+ Kh6 38. Ne5 Qd1+ 39. Bf1 Nbd6
40. Rcd8 Qe1 41. Ng4+ Kg5 42. h3 Nxg3 1/2-1/2

[Event "10. Torneo I. Cidade de Pontevedra 2022"]
[Site "Pontevedra ESP"]
[Date "2022.07.28"]
[Round "7.4"]
[White "Mirzoev, Emil"]
[Black "Vignesh, N R.."]
[Result "1-0"]
[WhiteElo "2493"]
[BlackElo "2427"]
[PlyCount "97"]
[EventDate "2022.07.24"]
[EventType "swiss"]
[EventRounds "9"]
[EventCountry "ESP"]
[SourceTitle "Ajedrez en Madrid"]
[Source "lmi"]
[SourceDate "2022.07.24"]
[SourceVersion "1"]
[SourceVersionDate "2022.08.06"]
[SourceQuality "1"]

1. c4 Nf6 2. Nc3 g6 3. e4 d6 4. d4 Bg7 5. h3 O-O 6. Be3 e5 7. d5 a5 8. g4 Na6
9. Nge2 h5 10. f3 Nc5 11. Qd2 Nh7 12. O-O-O h4 13. Rg1 b6 14. Kb1 Ba6 15. Nc1
g5 16. b3 Qe7 17. Rg2 Rfb8 18. a3 Bf6 19. Qe1 Qe8 20. b4 axb4 21. axb4 Nd7 22.
Ra2 Be7 23. Rdd2 f6 24. Qd1 Qc8 25. Qb3 Kf7 26. Ra3 Ke8 27. Rda2 Nhf8 28. Qb2
Bb7 29. Nb5 Rxa3 30. Rxa3 Ra8 31. Na7 Qb8 32. Qa2 Ng6 33. Ne2 Bf8 34. Nc3 Kf7
35. Ncb5 Kg7 36. Kc1 Ne7 37. Kd1 c6 38. dxc6 Nxc6 39. Nxc6 Bxc6 40. Rxa8 Bxa8
41. Qa7 Qb7 42. Bd3 d5 43. exd5 Qxa7 44. Nxa7 Bxb4 45. Bf5 Nc5 46. Nc8 Ba5 47.
Bxc5 bxc5 48. Nd6 Bb4 49. Bd7 1-0

[Event "10. Torneo I. Cidade de Pontevedra 2022"]
[Site "Pontevedra ESP"]
[Date "2022.07.28"]
[Round "7.5"]
[White "Martinez Reyes, Pedro Ramon"]
[Black "Shyaamnikhil, P.."]
[Result "1/2-1/2"]
[WhiteElo "2408"]
[BlackElo "2443"]
[PlyCount "57"]
[EventDate "2022.07.24"]
[EventType "swiss"]
[EventRounds "9"]
[EventCountry "ESP"]
[SourceTitle "Ajedrez en Madrid"]
[Source "lmi"]
[SourceDate "2022.07.24"]
[SourceVersion "1"]
[SourceVersionDate "2022.08.06"]
[SourceQuality "1"]

1. e4 c5 2. c3 Nf6 3. e5 Nd5 4. Bc4 Nb6 5. Bb3 Nc6 6. Nf3 c4 7. Bc2 d6 8. exd6
Bg4 9. Qe2 Qxd6 10. O-O Qf6 11. Be4 O-O-O 12. Re1 Kb8 13. h3 Bh5 14. Bxc6 bxc6
15. Qe5+ Qxe5 16. Nxe5 Kc7 17. Na3 f6 18. Nexc4 e5 19. d4 exd4 20. Bf4+ Kc8 21.
Nxb6+ axb6 22. cxd4 Rxd4 23. Be3 Ra4 24. Bxb6 Rb4 25. Be3 Rxb2 26. Nc4 Rc2 27.
Rec1 Rxc1+ 28. Rxc1 Bf7 29. Na5 1/2-1/2

[Event "10. Torneo I. Cidade de Pontevedra 2022"]
[Site "Pontevedra ESP"]
[Date "2022.07.28"]
[Round "7.6"]
[White "Lu, Maximillian"]
[Black "Manolache, Marius"]
[Result "0-1"]
[WhiteElo "2398"]
[BlackElo "2469"]
[PlyCount "92"]
[EventDate "2022.07.24"]
[EventType "swiss"]
[EventRounds "9"]
[EventCountry "ESP"]
[SourceTitle "Ajedrez en Madrid"]
[Source "lmi"]
[SourceDate "2022.07.24"]
[SourceVersion "1"]
[SourceVersionDate "2022.08.06"]
[SourceQuality "1"]

1. d4 Nf6 2. c4 g6 3. Nf3 Bg7 4. g3 d6 5. Bg2 c6 6. Nc3 Bf5 7. O-O O-O 8. Qb3
Qb6 9. Re1 Na6 10. h3 Qxb3 11. axb3 Bc8 12. e4 Nd7 13. Be3 Nb4 14. Re2 a5 15.
Rd2 Re8 16. Ne1 b6 17. Na2 Bb7 18. f4 c5 19. d5 Nxa2 20. Rxa2 Ba6 21. Nc2 b5
22. Bf1 bxc4 23. bxc4 Reb8 24. Ne1 Rb3 25. Kf2 Nf6 26. Kf3 g5 27. Rxa5 g4+ 28.
hxg4 Nxg4 29. Nd3 Nxe3 30. Kxe3 Bd4+ 31. Ke2 Rbb8 32. Ra4 Bc8 33. Rxa8 Rxa8 34.
Kf3 Ra4 35. Rc2 h5 36. Kg2 Ba6 37. Nc1 Kg7 38. Kf3 Ra1 39. Bd3 Bc8 40. Nb3 Bg4+
41. Kg2 Rg1+ 42. Kh2 Bf3 43. g4 h4 44. Rc1 Rg2+ 45. Kh3 Rg3+ 46. Kh2 Be3 0-1

[Event "10. Torneo I. Cidade de Pontevedra 2022"]
[Site "Pontevedra ESP"]
[Date "2022.07.28"]
[Round "7.7"]
[White "Del Rio De Angelis, Salvador G."]
[Black "Cabezas Ayala, Ivan"]
[Result "1-0"]
[WhiteElo "2442"]
[BlackElo "2296"]
[PlyCount "81"]
[EventDate "2022.07.24"]
[EventType "swiss"]
[EventRounds "9"]
[EventCountry "ESP"]
[SourceTitle "Ajedrez en Madrid"]
[Source "lmi"]
[SourceDate "2022.07.24"]
[SourceVersion "1"]
[SourceVersionDate "2022.08.06"]
[SourceQuality "1"]

1. d4 Nf6 2. c4 g6 3. Nc3 Bg7 4. e4 d6 5. Be2 O-O 6. Bg5 c5 7. d5 e6 8. Qc1
exd5 9. exd5 Qb6 10. Nf3 Bf5 11. Nh4 Bd7 12. O-O Re8 13. Qf4 Rxe2 14. Nxe2 Ng4
15. Qd2 h6 16. Be3 Qxb2 17. Rab1 Qf6 18. Nf3 Nxe3 19. Qxe3 b6 20. Ng3 Qd8 21.
Ne4 Bf5 22. Rbe1 Bxe4 23. Qxe4 Nd7 24. Qe7 Qxe7 25. Rxe7 Rd8 26. Re3 Kf8 27.
Ra3 a5 28. Re1 Re8 29. Rxe8+ Kxe8 30. Rb3 Bf6 31. Nd2 Bd8 32. f4 Kf8 33. Ne4
Bc7 34. Rh3 Kg7 35. Nc3 Bd8 36. Nb5 Be7 37. Re3 Kf8 38. Kf2 Nf6 39. Kf3 h5 40.
h3 Ne8 41. Na7 1-0

[Event "10. Torneo I. Cidade de Pontevedra 2022"]
[Site "Pontevedra ESP"]
[Date "2022.07.28"]
[Round "7.8"]
[White "Alvarez Pampillon, Antonio"]
[Black "Gonzalez Perez, Arian"]
[Result "0-1"]
[WhiteElo "2019"]
[BlackElo "2418"]
[PlyCount "82"]
[EventDate "2022.07.24"]
[EventType "swiss"]
[EventRounds "9"]
[EventCountry "ESP"]
[SourceTitle "Ajedrez en Madrid"]
[Source "lmi"]
[SourceDate "2022.07.24"]
[SourceVersion "1"]
[SourceVersionDate "2022.08.06"]
[SourceQuality "1"]

1. c4 e6 2. g3 d5 3. Bg2 c6 4. Nf3 Nf6 5. O-O Nbd7 6. d4 Be7 7. Qc2 O-O 8. Bg5
b6 9. cxd5 cxd5 10. Nc3 Bb7 11. Rac1 a6 12. Rfd1 b5 13. Bxf6 Nxf6 14. Ne5 Rc8
15. Qb1 Qa5 16. e3 g6 17. Ne2 Ne4 18. Bxe4 dxe4 19. Nd7 Rfd8 20. Nc5 Bd5 21.
Nc3 Ba8 22. b4 Qb6 23. Rc2 e5 24. dxe5 Bxc5 25. bxc5 Qxc5 26. Rxd8+ Rxd8 27.
Ne2 Qxe5 28. Nd4 Bd5 29. Rc6 Ra8 30. Rc5 Qd6 31. Qb4 Rd8 32. a3 Bc4 33. Qa5
Qxc5 34. Qxd8+ Kg7 35. g4 h6 36. h4 a5 37. h5 Qg5 38. Qd7 gxh5 39. Nf5+ Kh7 40.
Qd6 Qxg4+ 41. Ng3 h4 0-1

[Event "10. Torneo I. Cidade de Pontevedra 2022"]
[Site "Pontevedra ESP"]
[Date "2022.07.28"]
[Round "7.9"]
[White "Grieve, Harry"]
[Black "Contin, Daniel"]
[Result "1-0"]
[WhiteElo "2390"]
[BlackElo "2206"]
[PlyCount "143"]
[EventDate "2022.07.24"]
[EventType "swiss"]
[EventRounds "9"]
[EventCountry "ESP"]
[SourceTitle "Ajedrez en Madrid"]
[Source "lmi"]
[SourceDate "2022.07.24"]
[SourceVersion "1"]
[SourceVersionDate "2022.08.06"]
[SourceQuality "1"]

1. e4 e6 2. d4 d5 3. e5 c5 4. c3 Qb6 5. Nf3 Bd7 6. Bd3 cxd4 7. cxd4 Nc6 8. O-O
Nxd4 9. Nbd2 Rc8 10. Nxd4 Qxd4 11. Nf3 Qb6 12. Qe2 a6 13. Bd2 Bb4 14. Bf4 Nh6
15. a3 Be7 16. Bxh6 gxh6 17. Qd2 Bb5 18. Bxb5+ Qxb5 19. Qxh6 Qd3 20. Rac1 Kd7
21. h3 Rhg8 22. Qf4 Qg6 23. g3 Rxc1 24. Rxc1 Rc8 25. Rxc8 Kxc8 26. Kg2 f6 27.
exf6 Qxf6 28. Qd2 Kb8 29. a4 Qf5 30. Nd4 Qe4+ 31. f3 Qe5 32. b3 Bc5 33. Ne2 Ka7
34. g4 h5 35. Qd3 h4 36. f4 Qa1 37. g5 Qe1 38. Kf3 Qf2+ 39. Kg4 Be3 40. g6 e5
41. Kf5 exf4 42. g7 f3 43. Nf4 Qg1 44. g8=Q Qxg8 45. Qxe3+ Ka8 46. Qxf3 d4 47.
Ke4 Qg1 48. Ne2 Qd1 49. Nxd4 Qe1+ 50. Kf5 Qb4 51. Qe4 Qf8+ 52. Kg4 Qd8 53. Qe5
Ka7 54. a5 Ka8 55. b4 Qf8 56. b5 axb5 57. Nxb5 Qb4+ 58. Kh5 Qf8 59. Kxh4 Qh6+
60. Kg4 Qg6+ 61. Kf4 Qh6+ 62. Qg5 Qf8+ 63. Kg3 Qb8+ 64. Kg2 Qc8 65. Qe5 Qc6+
66. Kf2 Qb6+ 67. Kf1 Qd8 68. Qe8 Qxe8 69. Nc7+ Ka7 70. Nxe8 Ka6 71. h4 Kxa5 72.
h5 1-0

[Event "10. Torneo I. Cidade de Pontevedra 2022"]
[Site "Pontevedra ESP"]
[Date "2022.07.28"]
[Round "7.10"]
[White "Bernal Moro, Luis Javier"]
[Black "Gonzalez Perez, Jose Ramon"]
[Result "1-0"]
[WhiteElo "2404"]
[BlackElo "2161"]
[PlyCount "67"]
[EventDate "2022.07.24"]
[EventType "swiss"]
[EventRounds "9"]
[EventCountry "ESP"]
[SourceTitle "Ajedrez en Madrid"]
[Source "lmi"]
[SourceDate "2022.07.24"]
[SourceVersion "1"]
[SourceVersionDate "2022.08.06"]
[SourceQuality "1"]

1. Nf3 d5 2. g3 Nf6 3. Bg2 Bg4 4. O-O Nbd7 5. d3 e6 6. b3 Bd6 7. c4 O-O 8. Bb2
Qe7 9. h3 Bxf3 10. exf3 c6 11. f4 a5 12. a3 Rfd8 13. Re1 Qf8 14. Qc2 b5 15. Nd2
Rac8 16. Re2 Nb6 17. a4 Bb4 18. Nf3 dxc4 19. dxc4 bxc4 20. bxc4 Qc5 21. Rc1 Ba3
22. Re5 Qb4 23. Bxa3 Qxa3 24. Rxa5 Qb4 25. Ra6 Nfd7 26. a5 Na4 27. Nd4 Nb8 28.
Nxc6 Nxc6 29. Rxc6 Nc5 30. Rxc8 Rxc8 31. Qc3 Qa4 32. Ra1 Qd7 33. a6 Na4 34. Qb4
1-0

[Event "10. Torneo I. Cidade de Pontevedra 2022"]
[Site "Pontevedra ESP"]
[Date "2022.07.28"]
[Round "7.11"]
[White "Sanroman Costas, Mauro"]
[Black "Fernandez Lopez, Ruben"]
[Result "0-1"]
[WhiteElo "1934"]
[BlackElo "2324"]
[PlyCount "118"]
[EventDate "2022.07.24"]
[EventType "swiss"]
[EventRounds "9"]
[EventCountry "ESP"]
[SourceTitle "Ajedrez en Madrid"]
[Source "lmi"]
[SourceDate "2022.07.24"]
[SourceVersion "1"]
[SourceVersionDate "2022.08.06"]
[SourceQuality "1"]

1. e4 c5 2. c3 e6 3. d4 d5 4. e5 Nc6 5. Nf3 Qb6 6. Nbd2 cxd4 7. Bd3 dxc3 8.
bxc3 Nge7 9. O-O Ng6 10. Bxg6 hxg6 11. c4 Be7 12. cxd5 exd5 13. Nb3 Be6 14. Be3
Qc7 15. Rc1 O-O 16. Nbd4 Qd7 17. Nxc6 bxc6 18. Bc5 Rfc8 19. Nd4 Bd8 20. Qa4 Bf5
21. Rc3 Bb6 22. Rfc1 Qe8 23. Nxf5 gxf5 24. Qd4 Rab8 25. h4 Qe6 26. Rg3 Bxc5 27.
Rxc5 Rb1+ 28. Kh2 Re1 29. Re3 Rxe3 30. Qxe3 Qh6 31. Qxh6 gxh6 32. Kg3 Kf8 33.
Kf3 Ke7 34. Ke3 Kd7 35. Ra5 Rc7 36. Kd4 f4 37. f3 Rb7 38. a3 Rb2 39. Rxa7+ Ke6
40. Rc7 Rc2 41. Kd3 Rc1 42. Kd2 Rc4 43. a4 Kxe5 44. a5 Kd6 45. Rxf7 Ra4 46.
Rf6+ Kc5 47. a6 Rxa6 48. Rxh6 d4 49. Kd3 Ra3+ 50. Kd2 Kd5 51. Rg6 c5 52. h5 Kc4
53. h6 Ra2+ 54. Ke1 Kd3 55. g4 fxg3 56. Rxg3 Rh2 57. f4+ Kc2 58. Kf1 Rxh6 59.
f5 d3 0-1

[Event "10. Torneo I. Cidade de Pontevedra 2022"]
[Site "Pontevedra ESP"]
[Date "2022.07.28"]
[Round "7.12"]
[White "Krutti, Valer"]
[Black "Persson, Andreas"]
[Result "1-0"]
[WhiteElo "2292"]
[BlackElo "2154"]
[PlyCount "101"]
[EventDate "2022.07.24"]
[EventType "swiss"]
[EventRounds "9"]
[EventCountry "ESP"]
[SourceTitle "Ajedrez en Madrid"]
[Source "lmi"]
[SourceDate "2022.07.24"]
[SourceVersion "1"]
[SourceVersionDate "2022.08.06"]
[SourceQuality "1"]

1. Nf3 d5 2. d4 Nf6 3. c4 c6 4. Qb3 dxc4 5. Qxc4 Bf5 6. g3 e6 7. Bg2 Be7 8. O-O
O-O 9. Rd1 Qb6 10. e3 Nbd7 11. Qe2 Ne4 12. Nc3 Rfd8 13. Nh4 Bxh4 14. gxh4 Ndf6
15. f3 Nxc3 16. bxc3 Bg6 17. e4 e5 18. Be3 Qa5 19. Qb2 b6 20. Qb3 Nd7 21. Bg5
Re8 22. Qc4 h6 23. Be3 Nf8 24. a3 Ne6 25. Qb4 Qa6 26. dxe5 c5 27. Qb2 Nd8 28.
Rd5 Nc6 29. Bf4 Rad8 30. Rad1 Rxd5 31. Rxd5 Qb7 32. Bg3 Qe7 33. Bh3 Rd8 34. Qd2
Rxd5 35. Qxd5 Nd8 36. f4 Kf8 37. f5 Bh7 38. Bf1 Bg8 39. Bc4 Bh7 40. Kf2 Bg8 41.
Ke3 Ke8 42. a4 Kf8 43. Kd2 Ke8 44. Kc2 Kf8 45. Kb2 Ke8 46. Qa8 Kf8 47. Bd5 Qd7
48. Qb8 Ke8 49. Kb3 Qe7 50. Bc6+ Kf8 51. e6 1-0

[Event "10. Torneo I. Cidade de Pontevedra 2022"]
[Site "Pontevedra ESP"]
[Date "2022.07.28"]
[Round "7.13"]
[White "Bringas Gomez, Artai"]
[Black "Sarabando, Rodrigo Andias"]
[Result "1/2-1/2"]
[WhiteElo "2203"]
[BlackElo "1915"]
[PlyCount "50"]
[EventDate "2022.07.24"]
[EventType "swiss"]
[EventRounds "9"]
[EventCountry "ESP"]
[SourceTitle "Ajedrez en Madrid"]
[Source "lmi"]
[SourceDate "2022.07.24"]
[SourceVersion "1"]
[SourceVersionDate "2022.08.06"]
[SourceQuality "1"]

1. d4 Nf6 2. c4 g6 3. g3 Bg7 4. Bg2 O-O 5. Nc3 d6 6. Nf3 Nc6 7. O-O e5 8. dxe5
Nxe5 9. Nxe5 dxe5 10. Qxd8 Rxd8 11. Bg5 Rd7 12. Bh3 Rd4 13. Bxc8 Rxc8 14. b3 h6
15. Be3 Rd7 16. Rad1 Rxd1 17. Rxd1 b6 18. Nd5 Nxd5 19. Rxd5 Kf8 20. f4 exf4 21.
Bxf4 Ke7 22. Kf2 c6 23. Rd3 Rd8 24. g4 Rxd3 25. exd3 Ke6 1/2-1/2

[Event "10. Torneo I. Cidade de Pontevedra 2022"]
[Site "Pontevedra ESP"]
[Date "2022.07.28"]
[Round "7.14"]
[White "Villar Perez, Samuel"]
[Black "Roque Sola, Jose Luis"]
[Result "0-1"]
[WhiteElo "2188"]
[BlackElo "2098"]
[PlyCount "86"]
[EventDate "2022.07.24"]
[EventType "swiss"]
[EventRounds "9"]
[EventCountry "ESP"]
[SourceTitle "Ajedrez en Madrid"]
[Source "lmi"]
[SourceDate "2022.07.24"]
[SourceVersion "1"]
[SourceVersionDate "2022.08.06"]
[SourceQuality "1"]

1. e4 c5 2. Nf3 Nc6 3. Bb5 a6 4. Bxc6 dxc6 5. d3 Qc7 6. h3 e5 7. Be3 Bd6 8.
Nbd2 Ne7 9. O-O Ng6 10. Nc4 O-O 11. Qd2 b6 12. b4 cxb4 13. Nxb6 Rb8 14. Nxc8
Rfxc8 15. Qe2 c5 16. Nd2 Nf4 17. Qg4 Qe7 18. Nc4 Rc6 19. g3 Bc7 20. Kh2 Rg6 21.
Qd1 Qe6 22. g4 h5 23. f3 Kh7 24. Bxf4 exf4 25. a3 Rh8 26. Kg2 Kg8 27. Rh1 Qf6
28. Qe2 Qh4 29. Qf2 hxg4 30. Qxh4 gxh3+ 31. Kf2 Rxh4 32. Rh2 Rh5 33. Rah1 Rg3
34. Ke2 bxa3 35. Nxa3 Be5 36. Rf1 Bd4 37. Rhh1 Rg2+ 38. Kd1 h2 39. Nc4 Rg1 40.
Ke2 Rg2+ 41. Kd1 Rh6 42. Nd2 a5 43. Nb3 Rb6 0-1

[Event "10. Torneo I. Cidade de Pontevedra 2022"]
[Site "Pontevedra ESP"]
[Date "2022.07.28"]
[Round "7.15"]
[White "Pintor, Simao Maciel Abranc"]
[Black "Medarde Santiago, Luis Marcos"]
[Result "0-1"]
[WhiteElo "2062"]
[BlackElo "2330"]
[PlyCount "58"]
[EventDate "2022.07.24"]
[EventType "swiss"]
[EventRounds "9"]
[EventCountry "ESP"]
[SourceTitle "Ajedrez en Madrid"]
[Source "lmi"]
[SourceDate "2022.07.24"]
[SourceVersion "1"]
[SourceVersionDate "2022.08.06"]
[SourceQuality "1"]

1. Nf3 d5 2. g3 Nf6 3. b3 Bf5 4. Bg2 e6 5. Bb2 Be7 6. O-O O-O 7. d3 h6 8. Nbd2
Bh7 9. Ne5 a5 10. a3 c5 11. c4 Nbd7 12. d4 cxd4 13. Bxd4 Rc8 14. Nxd7 Qxd7 15.
Nf3 dxc4 16. Ne5 Qc7 17. Rc1 Bxa3 18. Rxc4 Qe7 19. Qa1 Bb4 20. Rfc1 Rxc4 21.
Rxc4 Ne8 22. Ng4 f6 23. Rc8 e5 24. Bb6 Qe6 25. Qc1 Qxb6 26. Bd5+ Kh8 27. Nxh6
gxh6 28. Qxh6 Qd6 29. Be4 f5 0-1

[Event "10. Torneo I. Cidade de Pontevedra 2022"]
[Site "Pontevedra ESP"]
[Date "2022.07.28"]
[Round "7.16"]
[White "Mahitosh, Dey"]
[Black "Bartolo, Filipe Diogo Correi"]
[Result "1/2-1/2"]
[WhiteElo "2212"]
[BlackElo "1815"]
[PlyCount "70"]
[EventDate "2022.07.24"]
[EventType "swiss"]
[EventRounds "9"]
[EventCountry "ESP"]
[SourceTitle "Ajedrez en Madrid"]
[Source "lmi"]
[SourceDate "2022.07.24"]
[SourceVersion "1"]
[SourceVersionDate "2022.08.06"]
[SourceQuality "1"]

1. e4 c5 2. Nf3 e6 3. d4 cxd4 4. Nxd4 Nf6 5. Nc3 d6 6. g3 Nc6 7. Bg2 Bd7 8. Be3
Be7 9. O-O O-O 10. Kh1 Nxd4 11. Bxd4 e5 12. Be3 b5 13. f4 Qc7 14. fxe5 dxe5 15.
Bg5 Bc6 16. Nd5 Nxd5 17. exd5 Bb7 18. Bxe7 Qxe7 19. Qd3 Rac8 20. a4 b4 21. Rac1
Rfd8 22. c4 bxc3 23. bxc3 e4 24. Bxe4 Qxe4+ 25. Qxe4 Bxd5 26. Qxd5 Rxd5 27.
Rfd1 Rxd1+ 28. Rxd1 g6 29. Rd7 Rxc3 30. Rxa7 h5 31. Ra8+ Kg7 32. a5 Rc1+ 33.
Kg2 Rc2+ 34. Kg1 Rc1+ 35. Kg2 Rc2+ 1/2-1/2

[Event "10. Torneo I. Cidade de Pontevedra 2022"]
[Site "Pontevedra ESP"]
[Date "2022.07.28"]
[Round "7.17"]
[White "Reguillaga Elias, Manex"]
[Black "Tadevosyan, Aspet"]
[Result "1-0"]
[WhiteElo "1901"]
[BlackElo "2177"]
[PlyCount "55"]
[EventDate "2022.07.24"]
[EventType "swiss"]
[EventRounds "9"]
[EventCountry "ESP"]
[SourceTitle "Ajedrez en Madrid"]
[Source "lmi"]
[SourceDate "2022.07.24"]
[SourceVersion "1"]
[SourceVersionDate "2022.08.06"]
[SourceQuality "1"]

1. Nf3 c5 2. c4 Nc6 3. g3 g6 4. Nc3 Bg7 5. b3 e5 6. e4 Nge7 7. Bg2 d6 8. O-O
O-O 9. Bb2 f5 10. d3 h6 11. exf5 Bxf5 12. Nh4 Be6 13. Nd5 g5 14. Nxe7+ Nxe7 15.
Nf3 e4 16. Bxg7 exf3 17. Bxf8 fxg2 18. Re1 Qxf8 19. Rxe6 Qf7 20. Re4 Nc6 21. f4
Nd4 22. Kxg2 d5 23. Re5 Re8 24. Rxe8+ Qxe8 25. Qe1 Qh5 26. Qe3 g4 27. Re1 Qh3+
28. Kh1 1-0

[Event "10. Torneo I. Cidade de Pontevedra 2022"]
[Site "Pontevedra ESP"]
[Date "2022.07.28"]
[Round "7.19"]
[White "Vidal del Rio, Manuel"]
[Black "Martinez Montes, Juan Manuel"]
[Result "1/2-1/2"]
[WhiteElo "2092"]
[BlackElo "2035"]
[PlyCount "52"]
[EventDate "2022.07.24"]
[EventType "swiss"]
[EventRounds "9"]
[EventCountry "ESP"]
[SourceTitle "Ajedrez en Madrid"]
[Source "lmi"]
[SourceDate "2022.07.24"]
[SourceVersion "1"]
[SourceVersionDate "2022.08.06"]
[SourceQuality "1"]

1. e4 c5 2. Nf3 d6 3. Bb5+ Nd7 4. c3 Ngf6 5. Bd3 e5 6. O-O Be7 7. Bc2 O-O 8. d4
cxd4 9. cxd4 exd4 10. Nxd4 d5 11. exd5 Nb6 12. Nf5 Bxf5 13. Bxf5 Qxd5 14. Bc2
Rac8 15. Nc3 Qc6 16. Bf5 Rcd8 17. Qb3 Qc5 18. Bh3 Nfd5 19. Nxd5 Qxd5 20. Qxd5
Nxd5 21. a3 Bf6 22. Rb1 Rfe8 23. Bg4 Bd4 24. Bf3 b6 25. Bg5 Nf6 26. h4 h6
1/2-1/2

[Event "10. Torneo I. Cidade de Pontevedra 2022"]
[Site "Pontevedra ESP"]
[Date "2022.07.28"]
[Round "7.20"]
[White "Gonzalez Carro, Victor"]
[Black "Otero Nogueira, Brais"]
[Result "1-0"]
[WhiteElo "1808"]
[BlackElo "2076"]
[PlyCount "83"]
[EventDate "2022.07.24"]
[EventType "swiss"]
[EventRounds "9"]
[EventCountry "ESP"]
[SourceTitle "Ajedrez en Madrid"]
[Source "lmi"]
[SourceDate "2022.07.24"]
[SourceVersion "1"]
[SourceVersionDate "2022.08.06"]
[SourceQuality "1"]

{[%evp 0,41,19,31,72,49,49,45,51,52,76,86,59,33,23,10,68,61,53,21,14,4,9,9,16,
12,23,19,20,13,13,-2,11,-7,251,72,249,229,274,140,205,47,51,-10]} 1. e4 c5 2.
Nc3 Nc6 3. Bb5 Nd4 4. Nf3 g6 5. O-O Bg7 6. Nxd4 cxd4 7. Ne2 e6 8. d3 Ne7 9. f3
O-O 10. Qe1 a6 11. Bc4 b5 12. Bb3 Nc6 13. Bd2 Bb7 14. a4 Qc7 15. Qg3 d6 16. Bg5
f6 17. Bd2 b4 18. Nf4 Bc8 19. Qh3 Re8 20. Ne2 Bd7 21. f4 Kh8 22. f5 exf5 23.
Nf4 Ne5 24. Nd5 Qd8 25. exf5 Bxf5 26. Rxf5 gxf5 27. Qxf5 Ra7 28. Nf4 Rae7 29.
Bxb4 a5 30. Bd2 Qd7 31. Qxd7 Nxd7 32. Bxa5 Bh6 33. Nd5 Re2 34. Kf1 Nc5 35. Bc4
Rxc2 36. b4 Nb7 37. Bb6 Be3 38. Nxe3 dxe3 39. a5 Rf2+ 40. Kg1 Rb2 41. Bd4 Rxb4
42. Bxf6# 1-0